00423cam a22001217a 4500008004400000082001800044100002300062245005800085260002900143650002100172999001900193952008900212180718bxv,197p. xxu||||| |||| 00| 0 eng d aT19x5488 Se55 aSen, Probhat Kumar aLand and people of the andamanscby Probhat Kumar Sen aCalcuttab1962cxv,197p. aLand- WestBengal c437142d437142 00104070aIIPAbIIPAd2010-03-17oT19x5488 Se55p30360r2018-07-21w2018-07-21yBK